ज्ञानयज्ञ-गावसकर - तेंडुलडकर. (Record no. 1309982)

MARC details
000 -LEADER
fixed length control field 00736nam a2200181Ia 4500
008 - FIXED-LENGTH DATA ELEMENTS--GENERAL INFORMATION
fixed length control field 151202s9999||||xx |||||||||||||| ||und||
082 ## - DEWEY DECIMAL CLASSIFICATION NUMBER
Item number PNVM-44030
100 ## - MAIN ENTRY--PERSONAL NAME
Personal name बेलसरे अरुण.
245 ## - TITLE STATEMENT
Title ज्ञानयज्ञ-गावसकर - तेंडुलडकर.
260 ## - PUBLICATION, DISTRIBUTION, ETC. (IMPRINT)
Name of publisher, distributor, etc "ग्रंथाली ज्ञानयज्ञ प्रकाश,मुंबई."
260 ## - PUBLICATION, DISTRIBUTION, ETC. (IMPRINT)
Date of publication, distribution, etc 2000
300 ## - PHYSICAL DESCRIPTION
Extent 74
600 ## - SUBJECT ADDED ENTRY--PERSONAL NAME
Personal name बेलसरे अरुण.
630 ## - SUBJECT ADDED ENTRY--UNIFORM TITLE
Uniform title ज्ञानयज्ञ-गावसकर - तेंडुलडकर.
700 ## - ADDED ENTRY--PERSONAL NAME
Personal name बेलसरे अरुण.
730 ## - ADDED ENTRY--UNIFORM TITLE
Uniform title ज्ञानयज्ञ-गावसकर - तेंडुलडकर.
942 ## - ADDED ENTRY ELEMENTS (KOHA)
Koha item type Book
Holdings
Withdrawn status Lost status Damaged status Not for loan Home library Current library Date acquired Cost, normal purchase price Total Checkouts Full call number Barcode Date last seen Cost, replacement price Price effective from Koha item type
        Pune Nagar Vachan Mandir, Pune Pune Nagar Vachan Mandir, Pune 06/21/2015 0.00   PNVM-44030 PNVM-44030 12/02/2015 0.00 12/02/2015 Book